000 00915nam a2200265 i 4500
001 bg
245 0 0 _aJohann Joseph Fux und seine Zeit :
_bKultur, Kunst und Musik im Spätbarock /
_chrsg. von Arnfried Edler und Friedrich W. Riedel.
260 _a[Hannower] :
_bLaaber,
_ccop. 1996.
300 _a240 s. ;
_cfot., il., nuty +
_e24 cm.
490 1 _aPublikationen der Hochschule für Musik und Theater Hannower ;
_vBd. 7
504 _aIndeksy.
600 1 9 _aFux Johann Joseph 1660-1741
650 9 _aBarok
_zEuropa
655 _aMateriały konferencyjne
700 1 _aEDLER, Arnfried.
_eRed.
700 1 _aRIEDEL, Friedrich W.
_eRed.
830 _aPublikationen der Hochschule für Musik und Theater Hannower ;
020 _a3890072313
040 _cBPK
041 0 _ade
080 _a929-052A/Z:7.034.7(4)](061)
920 _a3-89007-231-3
942 _cKS
008 s pl f |000 0 pol
999 _c34763
_d34763
856 _uhttp://koha.tu.koszalin.pl/cgi-bin/koha/opac-detail.pl?biblionumber=34763
_yKatalog online BPK